Suriye ve Irak krizleri (Record no. 2314)

MARC details
000 -BAŞLIK
Sabit Uzunlukta Kontrol Alanı 00751na a2200241 4500
001 - KONTROL NUMARASI
Denetim Alanı 14717
003 - KONTROL NUMARASI IDENTIFIER
Denetim Alanı MIRAKIL
005 - SON İŞLEM TARİHİ VE ZAMANI
Denetim Alanı 20181213154853.0
008 - SABİT-BOY VERİ ELEMANLARI - GENEL BİLGİLER
Sabit Uzunlukta Kontrol Alanı 160918b tu 000 0
035 ## - SİSTEM KONTROL NUMARASI
Sistem Kontrol Numarası 14717
040 ## - KATALOGLAMA KAYNAK
Orijinal Kataloglama Ajansı Milas
Kataloglama Dili tur
Metne Dönüştürmek Ajansı TR-AnCHP
082 ## - DEWEY ONLU SINIFLANDIRMA NUMARASI
Sınıflandırma Numarası CHP 327.1
Ürün Numarası S86 2015
090 ## - SINIFLAMA NUMARASI
Sınıflama Numarası CHP 327.1 S86 2015
245 ## - BAŞLIK TABLOSU
Başlık Suriye ve Irak krizleri
Başlığın Kalan Türkiye'nin ödediği fatura
Sorumluluk Tablosu, Vb CHP
260 ## - YAYIN, DAĞITIM, VB
Yayın, Dağıtım, Vb Yeri [Ankara]
Yayıncı, Dağıtıcı, Vs Adı [CHP]
Yayın, Dağıtım, Vb Tarihi 2015
300 ## - FİZİKSEL TANIM
Kapsam 70 s.
Diğer Fiziksel Ayrıntıları rnkl. fotg.,res,tbl,grf.
Boyutlar 27 sm.
610 ## - KONU KATMA GİRİŞ - TOPLANTI ADI
Giriş Elemanı Olarak Kurumsal Ad Veya Yargı Alanı Adı CHP
Genel Alt Bölüm Toplumsal sorunlar
Kronolojik Alt Bölüm Siyasal katılım
610 ## - KONU KATMA GİRİŞ - TOPLANTI ADI
Giriş Elemanı Olarak Kurumsal Ad Veya Yargı Alanı Adı CHP
Genel Alt Bölüm Siyasal krizler
Kronolojik Alt Bölüm Öneriler
650 ## - KONU KATMA GİRİŞ - TOPİKAL DÖNEM
Topikal Süreli Veya Coğrafi Ad Giriş Elemanı Suriye krizi
Genel Alt Bölümü Ekonomik açı
651 ## - KONU KATMA GİRİŞ - COĞRAFİ ADI
Coğrafi İsim Irak krizi
Genel Alt Bölümü Ekonomik açı
651 ## - KONU KATMA GİRİŞ - COĞRAFİ ADI
Coğrafi İsim Türkiye
Genel Alt Bölümü Ekonomik ilişkiler
Coğrafi Alt Bölümü Orta Doğu
942 ## - EKLENDİ GİRİŞ ELEMANLARI (KOHA)
Sınıflandırma Veya Raf Düzeni Kaynak
Koha Öğesi Türü Books
999 ## - SİSTEM KONTROL NUMARALARI (KOHA)
Koha Biblionumber 2314
Koha Biblioitemnumber 2314
Holdings
Kalıcı Konum Mevcut Konum Edinme Tarihi Edinim Kaynak Toplam Check-Out'Lar Tam Çağrı Numarası Barkod Tarih Son Görülme İtibaren Geçerli Fiyatlar Koha Öğesi Türü Kopya Sayısı
CHP Kütüphanesi CHP Kütüphanesi 08/30/2016 Bağış   CHP 327.1 S86 2015 002361 08/30/2016 08/30/2016 Books  
CHP Kütüphanesi CHP Kütüphanesi 08/30/2016 Bağış   CHP 327.1 S86 2015 002362 08/30/2016 08/30/2016 Books k.2
CHP Kütüphanesi CHP Kütüphanesi 08/30/2016 Bağış   CHP 327.1 S86 2015 002363 08/30/2016 08/30/2016 Books k.3
CHP Kütüphanesi CHP Kütüphanesi 08/30/2016 Bağış   CHP 327.1 S86 2015 002364 08/30/2016 08/30/2016 Books k.4
CHP Kütüphanesi CHP Kütüphanesi 08/30/2016 Bağış   CHP 327.1 S86 2015 002365 08/30/2016 08/30/2016 Books k.5